Normal view
MARC view
Entry Personal Name
001 - CONTROL NUMBER
- control field: 11073
003 - CONTROL NUMBER IDENTIFIER
- control field: OSt
005 - DATE AND TIME OF LATEST TRANSACTION
- control field: 20160919141522.0
008 - FIXED-LENGTH DATA ELEMENTS
- fixed length control field: 160919|| aca||aabn | a|a d
040 ## - CATALOGING SOURCE
- Original cataloging agency: OSt
- Transcribing agency: OSt
100 ## - HEADING--PERSONAL NAME
- Personal name: Burden, Richard L; Faires J.Douglas
670 ## - SOURCE DATA FOUND
- Source citation: Work cat.: (OSt): Burden, Richard L; Faires J.Douglas, Numertical Analysis
